Bombay modern (Record no. 145588)

MARC details
000 -LEADER
fixed length control field 00792nam a22002057a 4500
005 - DATE AND TIME OF LATEST TRANSACTION
control field 20180504122306.0
010 ## - LCCN (DPL NO)
LC control number 1718EN-30ENG-122233 B-681722-724
020 ## - INTERNATIONAL STANDARD BOOK NUMBER
International Standard Book Number 9789386338334
Terms of availability 495.00
035 ## - SYSTEM CONTROL NUMBER
System control number B-681722-724
037 ## - SOURCE OF ACQUISITION
Source of stock number/acquisition Pragati
Stock number dpl
037 ## - SOURCE OF ACQUISITION
Source of stock number/acquisition DBAD/PUB
082 ## - DEWEY DECIMAL CLASSIFICATION NUMBER
Classification number 881
100 ## - MAIN ENTRY--PERSONAL NAME
Personal name Nerlekar, Anjali
245 14 - TITLE STATEMENT
Title Bombay modern
Statement of responsibility, etc by Anjali Nerlekar
Remainder of title Arun Kolatkar and bilingual literary culture
260 ## - PUBLICATION, DISTRIBUTION, ETC. (IMPRINT)
Place of publication, distribution, etc New Delhi
Name of publisher, distributor, etc Speaking Tiger Publishing
Date of publication, distribution, etc 2017
270 ## - ADDRESS
Address 4381/4,Ansari Road,Daryaganj
City New Delhi
Postal code 110002
300 ## - PHYSICAL DESCRIPTION
Extent xx;292p.
Dimensions 22cm.(pbk)
942 ## - ADDED ENTRY ELEMENTS (KOHA)
Source of classification or shelving scheme Dewey Decimal Classification
Item type English Books
Call number suffix NER
Classification part 881
Holdings
Withdrawn status Lost status Not for loan Collection code Home library Current library Date acquired Source of acquisition Cost, normal purchase price Full call number Barcode Copy number Cost, replacement price Koha item type
      Non-fiction Ashok Vihar Ashok Vihar 04/05/2018 Pragati/142/27.11.2017/672/20.11.2017/28.11.2017 495.00 881 NER B-681723 1 495.00 English Books
    Not For Loan Non-fiction D.B.Act.Division Bawana 09/02/2018 DBAD/PUB 495.00 881 NER EN-105765 1 495.00 English Books
      Non-fiction Central Library Central Library 04/05/2018 Pragati/142/27.11.2017/672/20.11.2017/28.11.2017 495.00 881 NER B-681722 1 495.00 English Books
      Non-fiction Patel Nagar Patel Nagar 04/05/2018 Pragati/142/27.11.2017/672/20.11.2017/28.11.2017 495.00 881 NER B-681724 1 495.00 English Books

© Delhi Public Library
Hit Counter
free hit counter